The Harriet Lane handbook : a manual for pediatric house officers / The Harriet Lane House Staff at the Charlotte R. Bloomberg Children's Center of The Johns Hopkins Hospital ; editors, Camille C. Anderson, MD, Sunaina Kapoor, MD, MPH, Tiffany E. Mark, MD. (Record no. 21483)

000 -LEADER
fixed length control field 00884nam a22001937a 4500
020 ## - INTERNATIONAL STANDARD BOOK NUMBER
ISBN 9780323878807
082 ## - DEWEY DECIMAL CLASSIFICATION NUMBER
Classification number 618.92
Item number H297 2024
100 ## - MAIN ENTRY--AUTHOR NAME
Personal name Harriet Lane Service (Johns Hopkins Hospital), author.
245 ## - TITLE STATEMENT
Title The Harriet Lane handbook : a manual for pediatric house officers / The Harriet Lane House Staff at the Charlotte R. Bloomberg Children's Center of The Johns Hopkins Hospital ; editors, Camille C. Anderson, MD, Sunaina Kapoor, MD, MPH, Tiffany E. Mark, MD.
250 ## - EDITION STATEMENT
Edition statement 23rd edtion.
260 ## - PUBLICATION, DISTRIBUTION, ETC. (IMPRINT)
Place of publication Philadelphia, PA :
Name of publisher Elsevier,
Year of publication ©2024.
300 ## - PHYSICAL DESCRIPTION
Number of Pages xvi, 1293 pages :
Other physical details illustrations (some color) ; 19 cm.
500 ## - GENERAL NOTE
General note Includes bibliographical references and index.
650 ## - SUBJECT ADDED ENTRY--TOPICAL TERM
Topical Term Pediatrics -- Handbooks, manuals, etc.
700 ## - ADDED ENTRY--PERSONAL NAME
Personal name Anderson, Camille C., editor.
700 ## - ADDED ENTRY--PERSONAL NAME
Personal name Kapoor, Sunaina, editor.
700 ## - ADDED ENTRY--PERSONAL NAME
Personal name Mark, Tiffany E., editor.
942 ## - ADDED ENTRY ELEMENTS (KOHA)
Koha item type Books
Holdings
Source of acquisition Permanent Location Date acquired Koha item type Collection code Accession Number Lost status Shelving location Withdrawn status Current Location Full call number
SchoolCagayan State University - Carig Library2025-10-24BooksMedicineM002706 Medical Library Cagayan State University - Carig Library618.92 H297 2024
SchoolCagayan State University - Carig Library2025-10-24BooksMedicineM002707 Medical Library Cagayan State University - Carig Library618.92 H297 2024

Cagayan State University University Library, Carig Campus
Tuguegarao City, Cagayan 3500 | www.csucarig.edu.ph

Powered by Koha